Statistics for Largest European Coastal Cities

Click here to take the quiz!

General Stats

  • This quiz has been taken 135 times
  • The average score is 11 of 14

Answer Stats

PopulationCity% Correct
4.65 milBarcelona
98%
3.45 milAthens
97%
14.3 milIstanbul
95%
5.45 milSaint Petersburg
95%
2.08 milStockholm
92%
1.61 milCopenhagen
90%
2.60 milLisbon
89%
1.64 milMarseille
88%
3.60 milRome
88%
4.25 milNaples
83%
3.10 milRotterdam/Hague
74%
1.75 milValencia
66%
1.83 milLiverpool
60%
1.46 milNewcastle
35%

Score Distribution

Percentile by Number Answered

Percent of People with Each Score

Your Score History

You have not taken this quiz